000 01180cam a22003375i 4500
999 _c17544
_d17516
001 13101081
003 EG-ScBUE
005 20210104153940.0
008 030224s2004 nyu g 000 1 eng d
020 _a9780312388324
040 _aEG-ScBUE
_beng
_erda
_cEG-ScBUE
_dEG-ScBUE
082 0 4 _a813.54
_bLYN
_222
100 1 _aLynds, Gayle,
_eauthor.
_933718
245 1 0 _aRobert Ludlum's The Altman code /
_cwritten by Gayle Lynds.
250 _aFirst paperback edition.
264 1 _aNew York :
_bSt. Martin's Press,
_c2004.
300 _a633 pages ;
_c22 cm.
336 _atext
_btxt
_2rdacontent
337 _aunmediated
_bn
_2rdamedia
338 _avolume
_bnc
_2rdacarrier
490 0 _aCovert-One novels
650 7 _aSmith, Jon (Fictitious character)
_vFiction.
_2BUEsh
_933719
650 7 _aInternational relations
_vFiction.
_2BUEsh
_933720
650 7 _aIntelligence officers
_vFiction.
_2BUEsh
_933721
650 7 _aAmericans
_zChina
_vFiction.
_2BUEsh
_933722
650 7 _aConspiracies
_vFiction.
_2BUEsh
_924646
651 _2BUEsh
653 _bHHUUEENN
_bGGEN
_cSeptember2013
_cJanuary2021
700 1 _aLudlum, Robert,
_d1927-2001.
_tAltman code.
_933723
942 _2ddc
_cBB